| 000 | 01211nas a2200385 4500 | ||
|---|---|---|---|
| 001 | BR2014003021 | ||
| 003 | BR-BrBNA | ||
| 005 | 20231205124013.0 | ||
| 007 | ta | ||
| 008 | 230509b bl.|||p| |||| 00| 00por d | ||
| 040 |
_aBR-BrBNA _bpor _cBiblioteca Nacional de Agricultura |
||
| 041 | _a(Pt) | ||
| 072 | _aL72; L73 | ||
| 100 | 1 | _aCamargo, M.G. | |
| 100 | 1 | _aSá, F.A. de | |
| 100 | 1 | _aKluck, G.E.G. | |
| 100 | 1 | _aCoutinho-Rodrigues, C.J.B. | |
| 100 | 1 | _aPerinotto, W.M. de S. | |
| 100 | 1 | _aAngelo, I. de C. | |
| 100 | 1 | _aGôlo, P.S. | |
| 100 | 1 | _aQuinelato, S. | |
| 100 | 1 | _aAlbuquerque, J.M.L. de | |
| 100 | 1 | _aBittencourt, V.R.E.P. | |
| 245 | 1 | _aIntração entre Scopulariopsis brevicaulis, Matarhizium anisopliae e Rhipicephalus microplus em condições de laboratório | |
| 650 | _aBOVINO | ||
| 650 | _aPARASITO | ||
| 650 | _aACARICIDA | ||
| 650 | _aFUNGO | ||
| 650 | _aMETARHIZIUM ANISOPLIAE | ||
| 650 | _aCONTROLE BIOLÓGICO | ||
| 650 | _aTRANSMISSÃO DE DOENÇA | ||
| 773 | 0 |
_tRevista Brasileira de Medicina Veterinária (Brazil) _xISSN 0100-2430 _g(Dec 2012), v. 34(supl. 1) p. 60-65 _wBR2014003021 |
|
| 909 |
_a202311 _bLúcia _c55 _dLúcia Elande |
||
| 942 |
_2AGRIS _n0 _cANA |
||
| 999 |
_c236854 _d236854 |
||